[Event "ENCI Limburg-open C"]
[Site "Maastricht"]
[Date "2011.06.12"]
[Round "5"]
[White "Been, Klaas"]
[Black "Geene, Patrick"]
[Result "0-1"]
[WhiteElo "1738"]
[BlackElo "1531"]
[PlyCount "96"]
[EventDate "2011.06.10"]
[EventType "swiss"]
[EventRounds "7"]
[EventCountry "NED"]
[Source "P.Boonen"]
[SourceDate "2012.01.01"]

1. d4 d5 2. Nf3 Nc6 3. e3 Bf5 4. c3 e6 5. Bb5 Nge7 6. Ne5 a6 7. Ba4 b5 8. Nxc6
Nxc6 9. Bc2 Ne7 10. Nd2 Bg6 11. Nf3 Bh5 12. h3 Nc8 13. g4 Bg6 14. a4 Nb6 15.
axb5 axb5 16. Rxa8 Qxa8 17. Bxg6 hxg6 18. Ne5 Nd7 19. Nxd7 Kxd7 20. Qf3 f5 21.
O-O Bd6 22. b3 Qa2 23. gxf5 gxf5 24. Qg2 Kc6 25. f4 Qxg2+ 26. Kxg2 Be7 27. Bb2
g5 28. fxg5 Bxg5 29. Bc1 Ra8 30. Kg3 Ra1 31. Kf3 Ra2 32. Rf2 Ra1 33. Bd2 Rh1
34. Kg2 Ra1 35. Kg3 Rg1+ 36. Rg2 Rb1 37. b4 Rh1 38. Rf2 Kd7 39. Kg2 Ra1 40. Kh2
Ke7 41. Rg2 Ra2 42. Kg3 Kf7 43. h4 Bh6 44. Kf3 Ra1 45. Rh2 Rf1+ 46. Kg2 Ra1 47.
Kf2 Ra2 48. Rg2 Rxd2+ 0-1

[Event "ENCI Limburg-open C"]
[Site "Maastricht"]
[Date "2011.06.12"]
[Round "5"]
[White "Beukema, Jasper"]
[Black "Ulburghs, Piet"]
[Result "1-0"]
[WhiteElo "1580"]
[BlackElo "1697"]
[PlyCount "59"]
[EventDate "2011.06.10"]
[EventType "swiss"]
[EventRounds "7"]
[EventCountry "NED"]
[Source "P.Boonen"]
[SourceDate "2012.01.01"]

1. e4 c5 2. Nf3 e6 3. c3 d5 4. exd5 exd5 5. d4 Nc6 6. Bb5 a6 7. Ba4 b5 8. Bc2
Nf6 9. O-O Be6 10. Ng5 cxd4 11. Nxe6 fxe6 12. Re1 Kf7 13. cxd4 Qb6 14. Be3 Bb4
15. Re2 Rac8 16. a3 Bd6 17. Nc3 Qb8 18. h3 Rhe8 19. Qb1 Bf4 20. Bxh7 Nxh7 21.
Qxh7 Ne7 22. Qh5+ Ng6 23. Nxd5 Rh8 24. Qg4 exd5 25. Qf5+ Kg8 26. Qxd5+ Kh7 27.
Qh5+ Bh6 28. Bxh6 gxh6 29. Re7+ Nxe7 30. Qf7# 1-0

[Event "ENCI Limburg-open C"]
[Site "Maastricht"]
[Date "2011.06.12"]
[Round "5"]
[White "Buis, Jan"]
[Black "Schoffelen, Jan"]
[Result "1/2-1/2"]
[WhiteElo "1509"]
[BlackElo "1345"]
[PlyCount "61"]
[EventDate "2011.06.10"]
[EventType "swiss"]
[EventRounds "7"]
[EventCountry "NED"]
[Source "P.Boonen"]
[SourceDate "2012.01.01"]

1. d4 d5 2. Nf3 Nf6 3. Bf4 Bg4 4. e3 e6 5. Be2 Bxf3 6. Bxf3 c5 7. c3 Nc6 8. Nd2
c4 9. h3 Bd6 10. Bxd6 Qxd6 11. O-O O-O 12. Re1 b5 13. e4 dxe4 14. Bxe4 Rac8 15.
Bc2 a5 16. Ne4 Nxe4 17. Rxe4 g6 18. Qd2 Kg7 19. Rae1 Ne7 20. Re5 Nd5 21. R5e4
Nc7 22. Rh4 h5 23. Qg5 Qd8 24. Rxh5 Qxg5 25. Rxg5 f5 26. Rg3 Kf6 27. Rge3 Rfe8
28. Re5 Nd5 29. a3 a4 30. Bd1 Rb8 31. Bc2 1/2-1/2

[Event "ENCI Limburg-open C"]
[Site "Maastricht"]
[Date "2011.06.12"]
[Round "5"]
[White "Daemen, Jules"]
[Black "Mossin, Ivar Alexander"]
[Result "1/2-1/2"]
[WhiteElo "1629"]
[BlackElo "1175"]
[PlyCount "72"]
[EventDate "2011.06.10"]
[EventType "swiss"]
[EventRounds "7"]
[EventCountry "NED"]
[Source "P.Boonen"]
[SourceDate "2012.01.01"]

1. Nf3 d5 2. g3 Nf6 3. Bg2 Bf5 4. d3 e6 5. O-O Be7 6. Nbd2 O-O 7. Re1 c5 8. b3
Nc6 9. Bb2 Qc7 10. e4 Bg6 11. a3 d4 12. Qe2 e5 13. c4 Nd7 14. Reb1 f6 15. Ne1
Rfb8 16. Nc2 Nf8 17. Bc1 Ne6 18. b4 b6 19. b5 Na5 20. Nb3 Nb7 21. Bd2 a6 22. a4
Nd6 23. Qg4 Bf7 24. f4 Ne8 25. h4 h5 26. Qf3 exf4 27. gxf4 Bd6 28. Rf1 Nf8 29.
Qe2 Ra7 30. Kh1 Ng6 31. Qf2 Rd8 32. Nc1 Qd7 33. f5 Ne5 34. Bf3 Rda8 35. Rb1
axb5 36. axb5 Qc7 1/2-1/2

[Event "ENCI Limburg-open C"]
[Site "Maastricht"]
[Date "2011.06.12"]
[Round "5"]
[White "De Coninck, Erik"]
[Black "De Schepper, Marcel"]
[Result "0-1"]
[WhiteElo "1154"]
[BlackElo "1617"]
[PlyCount "80"]
[EventDate "2011.06.10"]
[EventType "swiss"]
[EventRounds "7"]
[EventCountry "NED"]
[Source "P.Boonen"]
[SourceDate "2012.01.01"]

1. d4 Nf6 2. Bf4 d5 3. e3 e6 4. Bd3 c5 5. c3 Be7 6. Nf3 O-O 7. O-O Nc6 8. Nbd2
h6 9. dxc5 Bxc5 10. e4 dxe4 11. Nxe4 Nxe4 12. Bxe4 Qb6 13. Bd6 Rd8 14. Bxc5
Qxc5 15. Qxd8+ Nxd8 16. Rad1 Qe7 17. Rd2 f5 18. Bc2 Nf7 19. Rfd1 g5 20. Re2 Qf6
21. Bb3 Kg7 22. Rde1 Nd8 23. Ne5 a5 24. Nd3 Ra6 25. Nc5 Rc6 26. Re5 b6 27. Ba4
Rxc5 28. Rxc5 bxc5 29. Rd1 Qe7 30. Bb3 Bd7 31. a3 Nb7 32. Bc4 Nd6 33. Be2 Ba4
34. Re1 Kf6 35. b4 cxb4 36. cxb4 axb4 37. axb4 Bb5 38. Bf3 Nc4 39. g3 Qxb4 40.
Bd1 Qxe1+ 0-1

[Event "ENCI Limburg-open C"]
[Site "Maastricht"]
[Date "2011.06.12"]
[Round "5"]
[White "De Lange, Gerard"]
[Black "Bratuszewski, Jorden"]
[Result "1-0"]
[WhiteElo "1599"]
[BlackElo "1198"]
[PlyCount "63"]
[EventDate "2011.06.10"]
[EventType "swiss"]
[EventRounds "7"]
[EventCountry "NED"]
[Source "P.Boonen"]
[SourceDate "2012.01.01"]

1. d4 d5 2. c4 Nf6 3. Nc3 e6 4. cxd5 exd5 5. e3 Be7 6. Bd3 O-O 7. Nge2 Nc6 8.
a3 Be6 9. O-O a6 10. Nf4 Qd7 11. Nxe6 Qxe6 12. Qc2 g6 13. Bd2 Bd6 14. Rae1 Qg4
15. f4 Rfe8 16. Rf3 Qe6 17. Ref1 Ne4 18. f5 gxf5 19. Bxe4 fxe4 20. Rf6 Qg4 21.
Nxd5 Qh5 22. Nf4 Qg4 23. Qb3 Qd7 24. Qd5 Rf8 25. Qg5+ Kh8 26. Qh5 Nxd4 27. Rh6
Bxf4 28. Rxh7+ Kg8 29. Rh8+ Kg7 30. Qh7+ Kf6 31. Rxf4+ Ke7 32. Bb4+ 1-0

[Event "ENCI Limburg-open C"]
[Site "Maastricht"]
[Date "2011.06.12"]
[Round "5"]
[White "De Ridder, Gertie"]
[Black "Toniolatti, Alessio"]
[Result "1-0"]
[WhiteElo "1020"]
[BlackElo "1139"]
[PlyCount "66"]
[EventDate "2011.06.10"]
[EventType "swiss"]
[EventRounds "7"]
[EventCountry "NED"]
[Source "P.Boonen"]
[SourceDate "2012.01.01"]

1. e4 e5 2. Nf3 Nc6 3. d4 exd4 4. Nxd4 Bc5 5. Be3 Nf6 6. Nd2 Nxd4 7. e5 Nd5 8.
Bxd4 Bxd4 9. Ne4 c5 10. c3 Bxe5 11. Qxd5 d6 12. Bb5+ Bd7 13. Qxb7 Bxb5 14.
Qxb5+ Qd7 15. Qxd7+ Kxd7 16. O-O f6 17. Rad1 Rab8 18. Nxc5+ Kc6 19. Nd3 a5 20.
Rc1 Rhe8 21. g3 Kb6 22. f4 Rbd8 23. fxe5 dxe5 24. Rcd1 e4 25. Nf4 e3 26. Rd4
Rxd4 27. cxd4 Kc6 28. Re1 g5 29. Nh5 f5 30. Ng7 Rf8 31. Rxe3 f4 32. Rc3+ Kd5
33. Rc5+ Kxd4 1-0

[Event "ENCI Limburg-open C"]
[Site "Maastricht"]
[Date "2011.06.12"]
[Round "5"]
[White "Elisen, Peter"]
[Black "Vossen, Patrick"]
[Result "0-1"]
[WhiteElo "1500"]
[BlackElo "1310"]
[PlyCount "134"]
[EventDate "2011.06.10"]
[EventType "swiss"]
[EventRounds "7"]
[EventCountry "NED"]
[Source "P.Boonen"]
[SourceDate "2012.01.01"]

1. d4 d5 2. c4 c6 3. Nc3 Nf6 4. g3 g6 5. Bg2 Bg7 6. Nf3 Nbd7 7. a4 O-O 8. O-O
e6 9. Rb1 Re8 10. cxd5 exd5 11. Ne1 Nb6 12. Nd3 Bf5 13. Bg5 Qc8 14. Rc1 Nc4 15.
b3 Nd6 16. Nf4 Nde4 17. Bxe4 Nxe4 18. Nxe4 Rxe4 19. Nxd5 Qd7 20. Nf6+ Bxf6 21.
Bxf6 Qe6 22. Be5 Rd8 23. f3 Rxe5 24. e4 Bh3 25. Rf2 f5 26. Rd2 Ra5 27. b4 Ra6
28. d5 cxd5 29. exd5 Qe3+ 30. Rf2 Rad6 31. Qd2 Qxd2 32. Rxd2 Rxd5 33. Rxd5 Rxd5
34. Rc7 Rd1+ 35. Kf2 Ra1 36. a5 Bf1 37. Rxb7 a6 38. g4 fxg4 39. fxg4 Bb5 40.
Re7 Ra2+ 41. Kg3 Ra3+ 42. Kf2 Rb3 43. Re4 Rb2+ 44. Kg3 Kg7 45. h4 Kf6 46. Kf4
Rh2 47. g5+ Kf7 48. Kg3 Re2 49. Rd4 Ke6 50. Kf3 Ke5 51. Rg4 Rb2 52. Ke3 Rb3+
53. Kd2 Kf5 54. Rd4 Rg3 55. Rd8 Rg4 56. Rd5+ Ke6 57. Rc5 Rxb4 58. Rc7 Rxh4 59.
Ke3 Kd6 60. Rf7 Kc5 61. Kf3 Kb4 62. Kg3 Rh1 63. Kg2 Rh5 64. Kf3 Kxa5 65. Kf4
Kb4 66. Re7 a5 67. Re4+ Bc4 0-1

[Event "ENCI Limburg-open C"]
[Site "Maastricht"]
[Date "2011.06.12"]
[Round "5"]
[White "Freriks, Oscar"]
[Black "Dijkstra, Hidde"]
[Result "1/2-1/2"]
[WhiteElo "1505"]
[BlackElo "1505"]
[PlyCount "94"]
[EventDate "2011.06.10"]
[EventType "swiss"]
[EventRounds "7"]
[EventCountry "NED"]
[Source "P.Boonen"]
[SourceDate "2012.01.01"]

1. e4 d5 2. exd5 Nf6 3. d4 Nxd5 4. Nf3 g6 5. c4 Nb6 6. Nc3 Bg7 7. Be3 O-O 8.
Be2 Nc6 9. O-O Re8 10. Rc1 e5 11. d5 Ne7 12. Ne4 Nf5 13. Bd2 Bd7 14. b3 Qe7 15.
Bc3 Nd6 16. Bb4 f5 17. Nc3 e4 18. Nd4 f4 19. Re1 Bxd4 20. Qxd4 Nf5 21. Bxe7
Nxd4 22. Bf6 c5 23. dxc6 Nxe2+ 24. Nxe2 Bxc6 25. Nxf4 Rf8 26. Bg5 Rf5 27. h4
Raf8 28. Ne6 R8f7 29. Nd8 Rf8 30. Nxc6 bxc6 31. Rxe4 Rxf2 32. Bh6 R8f5 33. Re8+
Kf7 34. Rf8+ Ke6 35. Rxf5 Rxf5 36. g3 Nd7 37. Bf4 Nc5 38. Rd1 Ke7 39. Bd6+ Ke6
40. Bxc5 Rxc5 41. Kf2 Ra5 42. Rd2 Kf5 43. Kf3 h5 44. Re2 g5 45. hxg5 Kxg5 46.
Rh2 Re5 47. Rb2 Rf5+ 1/2-1/2

[Event "ENCI Limburg-open C"]
[Site "Maastricht"]
[Date "2011.06.12"]
[Round "5"]
[White "Gidding, Mark"]
[Black "Van Broekhoven, Stefan"]
[Result "1-0"]
[WhiteElo "1470"]
[BlackElo "1415"]
[PlyCount "37"]
[EventDate "2011.06.10"]
[EventType "swiss"]
[EventRounds "7"]
[EventCountry "NED"]
[Source "P.Boonen"]
[SourceDate "2012.01.01"]

1. e4 e5 2. Nf3 Nf6 3. Nc3 Nc6 4. d4 exd4 5. Nd5 Nxe4 6. Qe2 f5 7. Ng5 Bb4+ 8.
Nxb4 O-O 9. Nxc6 bxc6 10. Qc4+ d5 11. Qxc6 Bb7 12. Qe6+ Kh8 13. Nf7+ Rxf7 14.
Qxf7 c5 15. Qxb7 c4 16. Bf4 Nc5 17. Qc7 Qe8+ 18. Be5 Rc8 19. Qxg7# 1-0

[Event "ENCI Limburg-open C"]
[Site "Maastricht"]
[Date "2011.06.12"]
[Round "5"]
[White "Giesen, Janneke"]
[Black "Weerts, Rene"]
[Result "1-0"]
[WhiteElo "1268"]
[BlackElo "1651"]
[PlyCount "103"]
[EventDate "2011.06.10"]
[EventType "swiss"]
[EventRounds "7"]
[EventCountry "NED"]
[Source "P.Boonen"]
[SourceDate "2012.01.01"]

1. e4 e5 2. Nf3 Nf6 3. Nc3 Bb4 4. Bd3 Bxc3 5. dxc3 d5 6. Nxe5 O-O 7. O-O dxe4
8. Bc4 Qe7 9. Bf4 c6 10. a4 Nbd7 11. Nxd7 Bxd7 12. Bd6 Qd8 13. Bxf8 Qxf8 14.
Re1 Rd8 15. Qe2 Qc5 16. Rad1 Re8 17. Rd4 Bg4 18. Qe3 Qe7 19. f3 c5 20. Rd2 Bf5
21. Red1 h6 22. fxe4 Qc7 23. Qg3 Qxg3 24. hxg3 Bxe4 25. Bb5 Re7 26. Re1 Ng4 27.
Rd8+ Kh7 28. Bd3 f5 29. Bxe4 fxe4 30. Rd2 e3 31. Rde2 b6 32. b4 Re5 33. Rd1
cxb4 34. cxb4 Re4 35. c3 a5 36. Rd4 Rxd4 37. cxd4 axb4 38. d5 Kg8 39. d6 Kf7
40. Rb2 Ke6 41. Kf1 Kxd6 42. Rxb4 h5 43. Rxb6+ Kd5 44. Ke2 Ne5 45. Rb5+ Kd4 46.
a5 Nc6 47. a6 Ke4 48. Kf1 e2+ 49. Ke1 g6 50. Rb6 Nd4 51. Rb4 Ke3 52. Rxd4 1-0

[Event "ENCI Limburg-open C"]
[Site "Maastricht"]
[Date "2011.06.12"]
[Round "5"]
[White "Gulikers, Ruud"]
[Black "Feltman, Bart"]
[Result "0-1"]
[WhiteElo "1631"]
[BlackElo "1607"]
[PlyCount "120"]
[EventDate "2011.06.10"]
[EventType "swiss"]
[EventRounds "7"]
[EventCountry "NED"]
[Source "P.Boonen"]
[SourceDate "2012.01.01"]

1. e4 e6 2. d4 d5 3. Nc3 Nf6 4. Bg5 Be7 5. e5 Nfd7 6. Bxe7 Qxe7 7. f4 a6 8. Nf3
c5 9. Be2 Nc6 10. O-O O-O 11. Bd3 h6 12. f5 exf5 13. Nxd5 Qd8 14. Bxf5 cxd4 15.
e6 Nf6 16. Nf4 Qb6 17. Kh1 Kh8 18. Re1 g5 19. Nd3 Nd5 20. Nxg5 Ne3 21. Rxe3
dxe3 22. Qh5 Kg7 23. Nxf7 Kf6 24. Qh4+ Kxf5 25. Nxh6+ Kxe6 26. Nf4+ Rxf4 27.
Qxf4 Qd4 28. Qf7+ Ke5 29. Qg7+ Kd5 30. Qg8+ Be6 31. Qxa8 e2 32. h3 Qd1+ 33.
Rxd1+ exd1=Q+ 34. Kh2 Qc1 35. Ng4 Qf4+ 36. Kg1 Bxg4 37. hxg4 Qb8 38. Qxb8 Nxb8
39. Kf2 Nc6 40. c3 Ke5 41. Kg3 Kf6 42. Kf4 Ne7 43. g3 Ng6+ 44. Ke4 Ke6 45. c4
Ne5 46. b3 Nxg4 47. Kd4 Kd6 48. b4 Nh6 49. c5+ Kc6 50. Kc4 Nf5 51. a4 Nxg3 52.
b5+ axb5+ 53. axb5+ Kc7 54. Kd5 Nf5 55. b6+ Kd7 56. Ke5 Ne7 57. Kd4 Kc6 58. Kc4
Ng6 59. Kd4 Nf4 60. Kc4 Ne6 0-1

[Event "ENCI Limburg-open C"]
[Site "Maastricht"]
[Date "2011.06.12"]
[Round "5"]
[White "Gundogmus, Alaetin"]
[Black "Beukema, Christiaan"]
[Result "1-0"]
[WhiteElo "1552"]
[BlackElo "1071"]
[PlyCount "85"]
[EventDate "2011.06.10"]
[EventType "swiss"]
[EventRounds "7"]
[EventCountry "NED"]
[Source "P.Boonen"]
[SourceDate "2012.01.01"]

1. d4 d5 2. c4 c6 3. Nc3 Nf6 4. Bg5 Ne4 5. Nxe4 dxe4 6. b4 f6 7. Bd2 e5 8. dxe5
fxe5 9. e3 Be6 10. Qh5+ Bf7 11. Qxe5+ Qe7 12. Qxe7+ Bxe7 13. Ne2 Bxc4 14. Ng3
Bd5 15. Be2 O-O 16. O-O Bf6 17. Rac1 Bxa2 18. Bc4+ Bxc4 19. Rxc4 Re8 20. Nxe4
b5 21. Nxf6+ gxf6 22. Rg4+ Kf7 23. e4 Nd7 24. Rd1 Ne5 25. Rh4 Kg6 26. Bc1 Rad8
27. Rf1 Rg8 28. f4 Nd3 29. Be3 f5 30. exf5+ Kxf5 31. Bxa7 Nxb4 32. Rxh7 Rd2 33.
g3 Kg6 34. Rh4 Kf5 35. Bc5 Nd3 36. Bb6 Ra8 37. Rh5+ Ke6 38. f5+ Kf6 39. Rh6+
Kg7 40. Rxc6 Raa2 41. f6+ Kg6 42. f7+ Kg5 43. Be3+ 1-0

[Event "ENCI Limburg-open C"]
[Site "Maastricht"]
[Date "2011.06.12"]
[Round "5"]
[White "Hendrikse, Arnoud"]
[Black "Van Ginneken, Maikel"]
[Result "1-0"]
[WhiteElo "1707"]
[BlackElo "1337"]
[PlyCount "103"]
[EventDate "2011.06.10"]
[EventType "swiss"]
[EventRounds "7"]
[EventCountry "NED"]
[Source "P.Boonen"]
[SourceDate "2012.01.01"]

1. Nf3 f5 2. d4 e6 3. Nbd2 Nf6 4. g3 Be7 5. Bg2 O-O 6. O-O Qe8 7. Re1 d6 8. e4
fxe4 9. Nxe4 Nc6 10. b3 d5 11. Neg5 Nd8 12. Ne5 Nd7 13. Ngf3 Nxe5 14. Nxe5 Nf7
15. f4 c5 16. c3 b5 17. Be3 c4 18. bxc4 bxc4 19. Nxc4 Qc6 20. Qb3 dxc4 21. Bxc6
cxb3 22. Bxa8 b2 23. Rab1 Ba6 24. Be4 Nd6 25. Bc2 Nc4 26. Bb3 Ba3 27. d5 exd5
28. Bxa7 Nd2 29. Bxd5+ Kh8 30. Rbd1 b1=Q 31. Rxb1 Nxb1 32. Rxb1 Rd8 33. Rb8
Bc5+ 34. Kg2 Rxb8 35. Bxb8 h6 36. Be5 Kh7 37. g4 g6 38. g5 Be3 39. Kf3 Bg1 40.
h4 Bc5 41. Bd4 Bd6 42. c4 Bc8 43. c5 Bb8 44. c6 h5 45. Bb6 Bd6 46. Bd4 Bg4+ 47.
Ke3 Bb8 48. a4 Bc7 49. Bf7 Bd1 50. Be5 Bb6+ 51. Kd3 Bxa4 52. c7 {.....} 1-0

[Event "ENCI Limburg-open C"]
[Site "Maastricht"]
[Date "2011.06.12"]
[Round "5"]
[White "Ingelaere, Floris"]
[Black "Disters, Ingrid"]
[Result "0-1"]
[WhiteElo "900"]
[BlackElo "1101"]
[PlyCount "84"]
[EventDate "2011.06.10"]
[EventType "swiss"]
[EventRounds "7"]
[EventCountry "NED"]
[Source "P.Boonen"]
[SourceDate "2012.01.01"]

1. e4 d5 2. Nc3 d4 3. Nce2 e5 4. d3 Nc6 5. Nf3 Nf6 6. g3 Be7 7. Bg2 O-O 8. O-O
Bg4 9. h3 Bxf3 10. Bxf3 Qd7 11. g4 a6 12. g5 Ne8 13. Bg4 Qd8 14. Ng3 Bxg5 15.
Bxg5 Qxg5 16. Nf5 Qd8 17. h4 Ne7 18. Nxe7+ Qxe7 19. h5 h6 20. Kh2 Nf6 21. Rg1
Kh8 22. Qe2 Rg8 23. Rg3 g6 24. hxg6 fxg6 25. Rf1 g5 26. Bh5 Rg7 27. b3 Rag8 28.
f3 Nxh5 29. Rh3 Qf7 30. f4 Nxf4 31. Rxh6+ Rh7 32. Rxh7+ Qxh7+ 33. Kg3 Nxe2+ 34.
Kf2 Nf4 35. Ke1 Qh4+ 36. Kd2 Qh2+ 37. Kc1 Rg7 38. Kb2 Nxd3+ 39. Ka3 Qxc2 40.
Rf8+ Rg8 41. Rf7 Qc5+ 42. Ka4 Qb4# 0-1

[Event "ENCI Limburg-open C"]
[Site "Maastricht"]
[Date "2011.06.12"]
[Round "5"]
[White "Johnson, Mark1"]
[Black "Krug, Franz Dieter"]
[Result "0-1"]
[WhiteElo "1138"]
[BlackElo "1411"]
[PlyCount "94"]
[EventDate "2011.06.10"]
[EventType "swiss"]
[EventRounds "7"]
[EventCountry "NED"]
[Source "P.Boonen"]
[SourceDate "2012.01.01"]

1. e4 e5 2. Nf3 d6 3. d4 exd4 4. Nxd4 Nf6 5. Nc3 Nbd7 6. Bg5 Be7 7. Bd3 Ne5 8.
f3 Nxd3+ 9. Qxd3 Nh5 10. Bxe7 Qxe7 11. Qd2 c5 12. Nb3 Be6 13. Nd5 Bxd5 14. Qxd5
Qh4+ 15. Kf1 Ng3+ 16. Kg1 Nxh1 17. Kxh1 Qe7 18. Rd1 Rd8 19. Na5 Rd7 20. Nb3 O-O
21. Nxc5 Rc7 22. Nb3 Rd8 23. c3 h6 24. Qd4 b6 25. Nd2 Rcd7 26. c4 Kh8 27. Qf2
Re8 28. b3 Qf6 29. Qe1 Re5 30. Nf1 Kh7 31. Ne3 h5 32. Nd5 Qg6 33. Nf4 Qh6 34.
Nd5 f5 35. Rd4 g5 36. Qe2 Qg7 37. f4 Re6 38. Qxh5+ Rh6 39. Qd1 gxf4 40. Nxf4
Qe5 41. g3 fxe4 42. Rd5 Qb2 43. Rd2 Qc3 44. Rc2 Qxg3 45. Qf1 Rf7 46. Rg2 Qxf4
47. Qg1 Qf3 0-1

[Event "ENCI Limburg-open C"]
[Site "Maastricht"]
[Date "2011.06.12"]
[Round "5"]
[White "Klokgieters, Dick"]
[Black "Klokgieters, Jeroen"]
[Result "1/2-1/2"]
[WhiteElo "1522"]
[BlackElo "1150"]
[PlyCount "36"]
[EventDate "2011.06.10"]
[EventType "swiss"]
[EventRounds "7"]
[EventCountry "NED"]
[Source "P.Boonen"]
[SourceDate "2012.01.01"]

1. d4 d5 2. g3 Nf6 3. Bg2 Bf5 4. Nc3 e6 5. e3 Nbd7 6. Bd2 c5 7. Nge2 cxd4 8.
exd4 Ne4 9. Nxe4 Bxe4 10. Bxe4 dxe4 11. c3 f5 12. Nf4 Qf6 13. O-O g5 14. Qh5+
Kd8 15. Nh3 h6 16. Qe2 Rg8 17. Kg2 e5 18. Qb5 b6 1/2-1/2

[Event "ENCI Limburg-open C"]
[Site "Maastricht"]
[Date "2011.06.12"]
[Round "5"]
[White "Mathee, Jochen"]
[Black "Beissel, Daniel"]
[Result "0-1"]
[WhiteElo "1650"]
[BlackElo "1586"]
[PlyCount "72"]
[EventDate "2011.06.10"]
[EventType "swiss"]
[EventRounds "7"]
[EventCountry "NED"]
[Source "P.Boonen"]
[SourceDate "2012.01.01"]

1. d4 c5 2. e3 e6 3. c3 d5 4. Bd3 Nf6 5. Nd2 Nc6 6. Ngf3 Be7 7. O-O O-O 8. Qe2
Bd7 9. dxc5 Bxc5 10. e4 d4 11. cxd4 Nxd4 12. Nxd4 Bxd4 13. Nf3 Bc5 14. e5 Nd5
15. Qe4 f5 16. exf6 Nxf6 17. Qe2 Qc7 18. Bc4 Nd5 19. Rd1 Rf5 20. g4 Rf6 21.
Bxd5 exd5 22. Nd4 Re8 23. Be3 Re4 24. f3 Re8 25. Rac1 b6 26. b4 Qe5 27. bxc5
bxc5 28. Nc2 d4 29. Qg2 Bc6 30. Nxd4 Qxe3+ 31. Qf2 cxd4 32. Re1 Qxf2+ 33. Kxf2
Rxf3+ 34. Kg1 Rxe1+ 35. Rxe1 d3 36. Re6 Bd5 0-1

[Event "ENCI Limburg-open C"]
[Site "Maastricht"]
[Date "2011.06.12"]
[Round "5"]
[White "Memeti, Memet"]
[Black "Liston, Mike"]
[Result "1/2-1/2"]
[WhiteElo "1464"]
[BlackElo "1667"]
[PlyCount "74"]
[EventDate "2011.06.10"]
[EventType "swiss"]
[EventRounds "7"]
[EventCountry "NED"]
[Source "P.Boonen"]
[SourceDate "2012.01.01"]

1. g3 e5 2. Bg2 Nf6 3. d3 Nc6 4. c3 Be7 5. Nf3 O-O 6. Nbd2 d5 7. O-O e4 8. dxe4
Nxe4 9. Nxe4 dxe4 10. Qxd8 Rxd8 11. Ng5 f5 12. h4 b6 13. Bf4 Bd6 14. Bxd6 cxd6
15. Rfd1 h6 16. Nh3 Bb7 17. Nf4 Kf7 18. h5 Ne7 19. Rd2 Rd7 20. Rad1 Rad8 21. e3
Nc6 22. Bf1 Ne5 23. Be2 a6 24. a4 Bc6 25. Nd5 Bxa4 26. Ra1 Bb5 27. Nxb6 Rb7 28.
Nd5 Bxe2 29. Rxe2 Nd3 30. Rxa6 Nxb2 31. Ra5 Nd3 32. Nf4 Ne5 33. Kg2 Rc7 34. Rd2
Rxc3 35. Rxe5 dxe5 36. Rxd8 exf4 37. gxf4 Rc7 1/2-1/2

[Event "ENCI Limburg-open C"]
[Site "Maastricht"]
[Date "2011.06.12"]
[Round "5"]
[White "Mollema, Henk"]
[Black "Mohr, Markus"]
[Result "0-1"]
[WhiteElo "1397"]
[BlackElo "1597"]
[PlyCount "86"]
[EventDate "2011.06.10"]
[EventType "swiss"]
[EventRounds "7"]
[EventCountry "NED"]
[Source "P.Boonen"]
[SourceDate "2012.01.01"]

1. e4 d5 2. exd5 Qxd5 3. Nc3 Qa5 4. Nf3 Nf6 5. d4 c6 6. Bd2 Qc7 7. Be2 Bf5 8.
Be3 e6 9. a3 Nbd7 10. Qd2 Bd6 11. g3 O-O 12. Nh4 Bg6 13. Nxg6 hxg6 14. f4 Nd5
15. Ne4 Nxe3 16. Qxe3 Be7 17. h4 Nf6 18. h5 Nxe4 19. Qxe4 Qa5+ 20. Kf2 Qf5 21.
Qe3 g5 22. Bd3 gxf4 23. gxf4 Qf6 24. Rag1 Qh6 25. Kf3 Rfd8 26. c3 Rd5 27. f5
Qxe3+ 28. Kxe3 exf5 29. Kf4 Bd6+ 30. Kf3 Re8 31. Rg2 f4 32. Rhg1 Rxh5 33. Rxg7+
Kh8 34. Bc4 Rh3+ 35. Kf2 Rh2+ 36. Kf1 f3 37. Bxf7 f2 38. Rg8+ Rxg8 39. Rxg8+
Kh7 40. Rg4 Kh8 41. Be6 Be7 42. d5 Bc5 43. Rf4 Rh1+ 0-1

[Event "ENCI Limburg-open C"]
[Site "Maastricht"]
[Date "2011.06.12"]
[Round "5"]
[White "Mooren, Jo"]
[Black "Lennartz, Ludwig"]
[Result "1/2-1/2"]
[WhiteElo "1685"]
[BlackElo "1626"]
[PlyCount "45"]
[EventDate "2011.06.10"]
[EventType "swiss"]
[EventRounds "7"]
[EventCountry "NED"]
[Source "P.Boonen"]
[SourceDate "2012.01.01"]

1. b4 e5 2. Bb2 d6 3. e3 Nf6 4. Nf3 Be7 5. h3 O-O 6. a3 Be6 7. c4 c6 8. Qc2 a5
9. Bd3 h6 10. Nc3 axb4 11. axb4 Rxa1+ 12. Bxa1 Na6 13. b5 Nb4 14. Qb1 c5 15.
O-O Nd7 16. Na2 Nxa2 17. Qxa2 f5 18. Be2 Bf6 19. Nh2 Qc7 20. d3 Nb6 21. f3 Ra8
22. Qc2 d5 23. e4 1/2-1/2

[Event "ENCI Limburg-open C"]
[Site "Maastricht"]
[Date "2011.06.12"]
[Round "5"]
[White "Oxener, Aldo"]
[Black "Knof, Henrike"]
[Result "1-0"]
[WhiteElo "1465"]
[BlackElo "1488"]
[PlyCount "69"]
[EventDate "2011.06.10"]
[EventType "swiss"]
[EventRounds "7"]
[EventCountry "NED"]
[Source "P.Boonen"]
[SourceDate "2012.01.01"]

1. d4 Nf6 2. Nf3 g6 3. Bf4 Bg7 4. e3 d6 5. h3 O-O 6. Bd3 Nd5 7. Bg5 Nb4 8. O-O
Nxd3 9. Qxd3 f6 10. Bh4 g5 11. Bg3 e5 12. Nbd2 g4 13. hxg4 Bxg4 14. Bh4 Qe8 15.
g3 Qh5 16. Kg2 d5 17. Qb3 e4 18. Nh2 Be2 19. Rh1 b5 20. Rae1 Bc4 21. Nxc4 dxc4
22. Qc3 f5 23. b3 c5 24. bxc4 cxd4 25. exd4 Rc8 26. c5 Kh8 27. Qb3 Bxd4 28. Qd5
Bc3 29. Re3 Rg8 30. Rxe4 Na6 31. Rf4 Raf8 32. Be7 Rf7 33. Nf3 Qg6 34. Bd6 Bg7
35. Ne5 1-0

[Event "ENCI Limburg-open C"]
[Site "Maastricht"]
[Date "2011.06.12"]
[Round "5"]
[White "Parren, Ashley"]
[Black "Nissel, Andreas"]
[Result "0-1"]
[WhiteElo "1190"]
[BlackElo "1668"]
[PlyCount "110"]
[EventDate "2011.06.10"]
[EventType "swiss"]
[EventRounds "7"]
[EventCountry "NED"]
[Source "P.Boonen"]
[SourceDate "2012.01.01"]

1. e4 e6 2. d4 d5 3. e5 c5 4. Nf3 cxd4 5. Nxd4 Bc5 6. Nb3 Bb6 7. g3 Nc6 8. Bb5
Nge7 9. Bf4 O-O 10. Qg4 Ng6 11. Bxc6 bxc6 12. Bg5 Nxe5 13. Bxd8 Nxg4 14. Bxb6
axb6 15. O-O c5 16. N1d2 Bd7 17. Nf3 f6 18. Rfe1 Rfe8 19. h3 Nh6 20. Rad1 Rxa2
21. Rb1 Nf5 22. g4 Nd6 23. Nfd2 e5 24. f3 Bc6 25. c3 Rea8 26. Kf2 c4 27. Nc1
Ra1 28. Rxa1 Rxa1 29. Ne2 Rxe1 30. Kxe1 Kf7 31. Kf2 Ke7 32. Ke3 g6 33. f4 Nf7
34. Nf3 Kd6 35. h4 Nh6 36. fxe5+ fxe5 37. g5 Nf5+ 38. Kd2 d4 39. Ne1 d3 40. Ng1
Nxh4 41. Nh3 Nf5 42. Nf2 h6 43. gxh6 Nxh6 44. b3 b5 45. bxc4 bxc4 46. Nh3 Nf5
47. Kc1 Ne3 48. Kd2 Nd5 49. Ng5 Nf4 50. Nf7+ Kd5 51. Nf3 e4 52. N3g5 Ng2 53.
Kd1 e3 54. Nf3 Nf4 55. N7g5 Ne2 0-1